00253nam a2200097Ia 4500008004100000100001300041245004600054260002900100300000800129650001800137191201s2019 xx 000 0 und d aREJE, VN 0aPharmacology and toxicology for 2nd year  bCBS PubaNew delhic2019 a239 aPharmacology